Gala 2 OT2023 - Estadísticas

Estadísticas generales
  • Esta prueba ha sido intentada 27 veces
  • La puntuación promedio es 5 de 9
Estadísticas de respuestas
Imagen Hint Respuesta % Correcto
Salma, Omar y Naiara Se fue
92%
Violeta y Álex Márquez Quiero decirte
80%
Álvaro Mayo y Denna El Fin del Mundo
72%
Chiara, Ruslana y Bea Walk Like An Egyptian
68%
Lucas Dígale
64%
Paul Thin y Martin Little Green Bag
48%
Suzete A song for you
44%
Cris y Juanjo Leave The Door Open
44%
Grupal Alright
36%
No se encontraron pruebas coincidentes
Distribución de puntuación
Porcentaje de gente con cada puntuación
Porcentaje por número respondido
Historial de tus puntuaciones
No has intentado esta prueba.